000 00969nam a2200253 i 4500
001 150567
003 ES-MaACL
005 20230906203556.0
007 t|
008 071031s1982 sp ||||1| spa d
020 _a84-306-5011-3
100 1 _aValmiki.
_9112975
245 1 3 _aEl mundo está en el alma :
_bYoga-Vasishtha : extractos de las instrucciones del sabio Vasishthe a su discípulo príncipe Rama y la "Historia de la reina Chudala" traducidos del sánscrito /
_cpor Hari Prasad Shastri ; versión castellana de Alejandro Corniero.
260 _a[Madrid] :
_bTaurus,
_c[1982]
300 _a132 p. ;
_c21 cm.
490 1 _aBiblioteca de estudios tradicionales ;
_v11
650 4 _aYoga.
_917859
700 1 _aShastri, Hari Prasad.
_9106018
700 1 _aCorniero, Alejandro.
_940632
740 0 2 _aHistoria de la reina Chudala.
830 1 _aBiblioteca de estudios tradicionales ;
_v11
_9182128
852 _aES-MaACL
_jL-3700
999 _c150567
_d150567